000 00481nam a2200181Ia 4500
003 LK-CoDNM
008 010623t xxu||||| |||| 00| 1 sin d
040 _aLK-CoDNM
_dLK-CoDNM
_eLK-CoDNM
041 _asin
080 _a001
_bPRA
100 _aPranandu,W.O.T
245 _aලිපිකාර ප්‍රවේශ 1997-1998
246 _aLipikara Praweysha 1997-1998
260 _bGihan
_aDehiwala
300 _b128p.;24.5 cm cm
650 _aGeneral Knowledge
942 _cBK
999 _c140805
_d140805